01242nam a2200205 i 4500003000900000005001700009007000300026008004100029040003000070082001300100100006900113245004000182250001800222264005300240300002700293336002700320337003400347338002800381500062700409DO-SdBNP20231116082410.0ta110413s197- ck a 000 j spa d aDO-SdBNPbspacBNPHUerda bA9262221 aAun Weor, Samueld1917-1977qVíctor Manuel Gómez Rodríguez10aVoluntad cristo /cSamael Aun Weor  a4a. edición 1a[Colombia] :b[editor no identificado],c[197-]. a149 páginas c16 cm. 2rdacontentatextobtxt 2rdamediaasin mediación bn 2rdacarrieravolumenbnc aVíctor Manuel Gómez Rodríguez (Bogotá, 6 de marzo de 1917 - Ciudad de México​ 24 de diciembre de 1977), conocido como Aun Weor (desde 1947) y como Samael Aun Weor (desde 1954), fue un esoterista, escritor y conferencista colombiano, fundador del movimiento gnóstico moderno, que algunos autores denominan neognosticismo, haciendo referencia a la época en la que diseminó su enseñanza. Tras su muerte surgieron otras organizaciones que se denominan «gnósticas» ―como derivaciones del movimiento inicial que el V.M Samael Aun Weor fundó en América Latina, España y otras partes del mundo.​